| 000 | 00422nam a2200181Ia 4500 | ||
|---|---|---|---|
| 008 | 230725s1998 xx 000 0 und d | ||
| 041 | _aeng | ||
| 082 |
_a616.07 _bNAG |
||
| 100 | _aNAGAL | ||
| 245 | _aTEXT BOOK OF PATHOLOGY | ||
| 260 |
_bC.B.S. PUBLISHERS & DISTRUTORS _c1998 |
||
| 300 | _a934 | ||
| 365 | _h20 | ||
| 500 | _aTEXT BOOK | ||
| 501 | _aP & T | ||
| 520 | _aPB | ||
| 650 | _aPHARMACOLOGY & TOXICOLOGY | ||
| 999 |
_c767924 _d767924 |
||